[Event "POL-ch U10"]
[Site "Jastrzebia Gora"]
[Date "2022.03.12"]
[Round "4"]
[White "Chmiel, Krzysztof"]
[Black "Janeczek, Maksymilian"]
[Result "1-0"]
[WhiteElo "1056"]
[BlackElo "1135"]
[PlyCount "63"]
[EventDate "2022.03.08"]
[EventType "swiss"]
[EventRounds "9"]
[EventCountry "POL"]
[SourceTitle "EXT 2023"]
[Source "ChessBase"]
[SourceDate "2022.10.05"]
[SourceVersion "1"]
[SourceVersionDate "2022.10.05"]
[SourceQuality "1"]

1. d4 d5 2. Bf4 Nf6 3. Nf3 Bf5 4. e3 e6 5. Bd3 Bg6 6. Ne5 Bd6 7. Nxg6 hxg6 8. Bxd6 Qxd6 9. c3 Nbd7 10. h3 e5 11. Nd2 e4 12. Be2 0-0 13. 0-0 c5 14. dxc5 Nxc5 15. Nb3 Nfd7 16. Nxc5 Nxc5 17. Qd2 Rfd8 18. Rfd1 Rac8 19. c4 Na4 20. Qxd5 Qxd5 21. Rxd5 Rxd5 22. cxd5 Nxb2 23. Rb1 Rc2 24. Kf1 b6 25. d6 Kf8 26. Bb5 Nd3 27. f3 Rf2+ 28. Kg1 Rxa2 29. fxe4 Nf2 30. Rc1 f6 31. Rc8+ Kf7 32. Bc4# 1-0

[Event "POL-ch U10"]
[Site "Jastrzebia Gora"]
[Date "2022.03.09"]
[Round "2"]
[White "Chmiel, Krzysztof"]
[Black "Ejsymont, Eryk"]
[Result "0-1"]
[WhiteElo "1056"]
[BlackElo "1234"]
[PlyCount "130"]
[EventDate "2022.03.08"]
[EventType "swiss"]
[EventRounds "9"]
[EventCountry "POL"]
[SourceTitle "EXT 2023"]
[Source "ChessBase"]
[SourceDate "2022.10.05"]
[SourceVersion "1"]
[SourceVersionDate "2022.10.05"]
[SourceQuality "1"]

1. e4 c5 2. Nf3 e6 3. d4 cxd4 4. Nxd4 Nf6 5. Bd3 Nc6 6. Nf3 Qc7 7. Nc3 d5 8. exd5 exd5 9. Bg5 Be6 10. Qe2 Bb4 11. a3 Qa5 12. Bd2 d4 13. Ne4 Nxe4 14. Bxe4 Bxd2+ 15. Qxd2 Qxd2+ 16. Kxd2 0-0 17. Bxc6 bxc6 18. Nxd4 Rad8 19. Kc3 Rd5 20. Nxe6 fxe6 21. f3 Rc5+ 22. Kd2 Rd8+ 23. Kc1 Rcd5 24. b3 Rd2 25. g3 Rf2 26. f4 Rdd2 27. Ra2 Rxh2 28. Re1 Kf7 29. Re5 Rdg2 30. Ra5 Rxg3 31. Rxa7+ Kf6 32. a4 Rxb3 33. cxb3 Rxa2 34. Kb1 Rd2 35. Ra8 Ke7 36. a5 Rd5 37. a6 Ra5 38. a7 Kf7 39. Kc2 h5 40. Kd2 h4 41. Ke2 Ra2+ 42. Kd3 h3 43. Kc4 g5 44. fxg5 Kg7 45. Rd8 h2 46. Rd1 Rxa7 47. Rh1 Ra2 48. Kc5 Rc2+ 49. Kd6 Kg6 50. Kxe6 Kxg5 51. Kd6 Kg4 52. b4 Kg3 53. Kc7 Kg2 54. Rd1 h1Q 55. Rxh1 Kxh1 56. Kb6 Kg2 57. Ka5 c5 58. b5 Ra2+ 59. Kb6 c4 60. Kc7 c3 61. b6 c2 62. b7 c1Q+ 63. Kb8 Rb2 64. Ka8 Qc6 65. Kb8 Qxb7# 0-1